| 000 | 00655nam a2200193Ia 4500 | ||
|---|---|---|---|
| 008 | 151119s9999||||xx |||||||||||||| ||und|| | ||
| 082 | _a920.345झेदी/डोंगरी | ||
| 082 | _bGKKV32467 | ||
| 100 | _aझैदी हुसेन एस | ||
| 245 | _aडोंगरी ते दुबई | ||
| 260 | _aपुणे | ||
| 260 | _bमेहता पब्लीशिग हाउस | ||
| 260 | _c2013 | ||
| 600 | _aझैदी हुसेन एस | ||
| 630 | _aडोंगरी ते दुबई | ||
| 700 | _aझैदी हुसेन एस | ||
| 730 | _aडोंगरी ते दुबई | ||
| 942 | _cBOOK | ||
| 999 |
_c1084770 _d1084767 |
||